logo

Bir Sreshtho Munshi Abdur Rouf Library
Jhenaidah Cadet College

Ernesto Che Guevara / (Record no. 9596)

MARC details
000 -LEADER
fixed length control field 00563cam a22002053a 4500
001 - CONTROL NUMBER
JCCL Control Number 9596
003 - CONTROL NUMBER IDENTIFIER
JCCL marc code BD - JhCC
005 - DATE AND TIME OF LATEST TRANSACTION
control field 20180321174411.0
008 - FIXED-LENGTH DATA ELEMENTS--GENERAL INFORMATION
fixed length control field 180320m1976 ru 000 0 eng d
035 ## - SYSTEM CONTROL NUMBER
system control number OCLC pks03093679 from D951009K
-- (BD - JhCC)9596
040 ## - CATALOGING SOURCE
Original cataloging agency EQO
Transcribing agency EQO
Modifying agency BD-JhCC
041 ## - LANGUAGE CODE
Language code of Book eng
082 ## - DEWEY DECIMAL CLASSIFICATION NUMBER
Author mark and Year LAV 1976
Classification number 980.030924
100 1# - MAIN ENTRY--PERSONAL NAME
Personal name Lavretsky I.
Dates associated with a name 1928-1967.
245 10 - TITLE STATEMENT
Title Ernesto Che Guevara /
Statement of responsibility, etc I. Lavretsky
260 ## - PUBLICATION, DISTRIBUTION, ETC. (IMPRINT)
Place of publication, distribution, etc Moscow :
Date of publication, distribution, etc Progress Publishers,
Name of publisher, distributor, etc 1976.
300 ## - PHYSICAL DESCRIPTION
Pagination 310 p. :
Other physical details ills;
Dimensions 21 cm.
942 ## - ADDED ENTRY ELEMENTS (KOHA)
Source of classification or shelving scheme Dewey Decimal Classification
Koha item type Books
Holdings
Source of classification or shelving scheme Damaged status Not for loan Home library Current library Shelving location Total Checkouts Full call number Barcode Date last seen Copy number Koha item type
Dewey Decimal Classification     JCC Rouf Library JCC Rouf Library General Stacks   980.030924 LAV 1976 12685 03/20/2018 C - 1 Books

JCC Library | Contacts | JCC Home

Last Update on 23 September 2017
Copyright @ 2017-2020 JCC Rouf Library
Rouf Library, Jhenidah Cadet College (JCC), Bangladesh